[Event "Muensterland Verbandsklasse-A 1213"]
[Site "Germany"]
[Date "2013.04.20"]
[Round "8.7"]
[White "Temmen, Norbert"]
[Black "Wetter, Ralf"]
[Result "0-1"]
[WhiteElo "1624"]
[BlackElo "1926"]
[PlyCount "67"]
[EventDate "2012.09.15"]
[EventType "team-tourn"]
[EventRounds "9"]
[EventCountry "GER"]
[SourceTitle "EXT 2015"]
[Source "ChessBase"]
[SourceDate "2014.11.20"]
[SourceVersion "1"]
[SourceVersionDate "2014.11.20"]
[SourceQuality "1"]
[WhiteTeam "Nienberge II"]
[BlackTeam "Heiden"]
[WhiteTeamCountry "GER"]
[BlackTeamCountry "GER"]

1. c4 Nf6 2. Nc3 g6 3. Nf3 Bg7 4. e4 d6 5. d4 0-0 6. Be2 Nbd7 7. 0-0 e5 8. d5 a5 9. a3 Nc5 10. Qc2 a4 11. h3 Nfd7 12. Nd2 f5 13. f4 exf4 14. Rxf4 Be5 15. Rf1 Nf6 16. exf5 Bxf5 17. Rxf5 gxf5 18. Qxf5 Kh8 19. Qc2 Bd4+ 20. Kh1 Qe7 21. Nf3 Bf2 22. Bh6 Rg8 23. Rf1 Nfe4 24. Rxf2 Nxf2+ 25. Kg1 Nfe4 26. Nd4 Qe5 27. Nf3 Qg3 28. Bd1 Rae8 29. b4 axb3 30. Qb2 Nd3 31. Nxe4+ Nxb2 32. Nxg3 Nxd1 33. Ng5 Rxg5 34. Bxg5 0-1

[Event "Muensterland Verbandsliga 0910"]
[Site "Germany"]
[Date "2009.09.26"]
[Round "1.5"]
[White "Wetter, Ralf"]
[Black "Kolakovic, Klaudio"]
[Result "0-1"]
[WhiteElo "1936"]
[BlackElo "1974"]
[PlyCount "126"]
[EventDate "2009.09.26"]
[EventType "team-tourn"]
[EventRounds "9"]
[EventCountry "GER"]
[SourceTitle "EXT 2011"]
[Source "ChessBase"]
[SourceDate "2010.11.26"]
[SourceVersion "1"]
[SourceVersionDate "2010.11.26"]
[SourceQuality "1"]
[WhiteTeam "Heiden"]
[BlackTeam "Suedlohn"]
[WhiteTeamCountry "GER"]
[BlackTeamCountry "GER"]

1. Nf3 d5 2. d3 f6 3. g3 e5 4. Bg2 c5 5. c3 Nc6 6. 0-0 Be6 7. e4 dxe4 8. dxe4 Bc4 9. Re1 Qc7 10. Nh4 Rd8 11. Nd2 g6 12. Qf3 Be6 13. Nf1 Qf7 14. a3 Nh6 15. Ne3 Rd3 16. Qe2 c4 17. f4 Qd7 18. Rf1 Bc5 19. Kh1 Bxe3 20. Bxe3 Ng4 21. Bc1 exf4 22. gxf4 Bf7 23. f5 g5 24. Qxg4 Ne5 25. Qe2 gxh4 26. h3 Rg8 27. Bf4 Ke7 28. Qf2 Rgg3 29. Qc5+ Qd6 30. Qxd6+ Kxd6 31. Bxg3 hxg3 32. Rad1 Bh5 33. Rde1 Rd2 34. Re3 Rd3 35. Rfe1 b5 36. Bf1 Bf3+ 37. Kg1 Rd2 38. Be2 Bxe2 39. R1xe2 Rd1+ 40. Kg2 Nd3 41. Kxg3 Ke5 42. Kg4 h5+ 43. Kg3 Rg1+ 44. Kh2 Rd1 45. Rg3 Nf4 46. Rf2 Rd3 47. Rgf3 Rxf3 48. Rxf3 Kxe4 49. Rf1 Nd3 50. Kg3 Nxb2 51. Rb1 Na4 52. Rxb5 Nxc3 53. Ra5 Nd5 54. Kh4 c3 55. Kxh5 Kd4 56. Ra4+ Kd3 57. Rg4 c2 58. Rg1 Ne3 59. Rc1 Nxf5 60. Kg6 Ng3 61. Kxf6 Kd2 62. Rxc2+ Kxc2 63. h4 Kb3 0-1

[Event "Muensterland Verbandsliga 0708"]
[Site "Germany"]
[Date "2008.04.05"]
[Round "8.7"]
[White "Mueller, Achim1111"]
[Black "Wetter, Ralf"]
[Result "1-0"]
[WhiteElo "1836"]
[BlackElo "1937"]
[PlyCount "53"]
[EventDate "2007.09.08"]
[EventType "team"]
[EventRounds "9"]
[EventCountry "GER"]
[SourceTitle "EXT 2009"]
[Source "ChessBase"]
[SourceDate "2008.11.26"]
[SourceVersion "1"]
[SourceVersionDate "2008.11.26"]
[SourceQuality "1"]
[WhiteTeam "Rheine Klein Berlin"]
[BlackTeam "Heiden"]
[WhiteTeamCountry "GER"]
[BlackTeamCountry "GER"]

1. e4 c5 2. Nf3 d6 3. d4 cxd4 4. Nxd4 Nf6 5. Nc3 a6 6. Bg5 e6 7. f4 Qb6 8. Qd2 Qxb2 9. Rb1 Qa3 10. e5 dxe5 11. fxe5 Nfd7 12. Ne4 Qxa2 13. Rd1 Qd5 14. Qe3 Qxe5 15. Be2 Qa5+ 16. Rd2 h6 17. Nxe6 hxg5 18. Nc7+ Kd8 19. Nxa8 Be7 20. 0-0 Qe5 21. g3 f5 22. Qb6+ Ke8 23. Qg6+ Kd8 24. Rxf5 Qa1+ 25. Rd1 Qa3 26. Qb6+ Ke8 27. Nc7+ 1-0

[Event "Muensterland Verbandsliga 0708"]
[Site "Germany"]
[Date "2007.11.03"]
[Round "3.7"]
[White "Wetter, Ralf"]
[Black "Loeckener, Thomas"]
[Result "1-0"]
[WhiteElo "1937"]
[BlackElo "1690"]
[PlyCount "89"]
[EventDate "2007.09.08"]
[EventType "team"]
[EventRounds "9"]
[EventCountry "GER"]
[SourceTitle "EXT 2009"]
[Source "ChessBase"]
[SourceDate "2008.11.26"]
[SourceVersion "1"]
[SourceVersionDate "2008.11.26"]
[SourceQuality "1"]
[WhiteTeam "Heiden"]
[BlackTeam "Saerbeck"]
[WhiteTeamCountry "GER"]
[BlackTeamCountry "GER"]

1. Nf3 d5 2. d3 Nc6 3. g3 Nf6 4. Bg2 g6 5. 0-0 Bg7 6. Nbd2 0-0 7. e4 dxe4 8. dxe4 e5 9. c3 Be6 10. h3 Qe7 11. Qe2 Nd7 12. Nc4 Bxc4 13. Qxc4 Nb6 14. Qb3 Rfd8 15. Bg5 Bf6 16. Be3 Na5 17. Qc2 Nac4 18. Bh6 Bg7 19. Bxg7 Kxg7 20. a4 a5 21. b3 Nd6 22. Nh2 f6 23. Ng4 Nf7 24. Ne3 c6 25. h4 Rd6 26. Qe2 Rad8 27. h5 Rd2 28. Qg4 Nh6 29. Qf3 R8d3 30. hxg6 hxg6 31. Rfd1 Rxd1+ 32. Rxd1 Rxc3 33. Nf5+ Nxf5 34. Qxc3 Nd4 35. Qxa5 Nd7 36. Qc7 Kh6 37. Bh3 f5 38. exf5 Qe8 39. fxg6 Nf6 40. Qf7 Qd8 41. Kf1 Qd5 42. Rxd4 Qh1+ 43. Ke2 exd4 44. Qxf6 Qe4+ 45. Kd2 1-0

[Event "Muensterland Verbandsliga 0708"]
[Site "Germany"]
[Date "2007.10.13"]
[Round "2.7"]
[White "Althoff, Ralph"]
[Black "Wetter, Ralf"]
[Result "0-1"]
[WhiteElo "1734"]
[BlackElo "1937"]
[PlyCount "66"]
[EventDate "2007.09.08"]
[EventType "team"]
[EventRounds "9"]
[EventCountry "GER"]
[SourceTitle "EXT 2009"]
[Source "ChessBase"]
[SourceDate "2008.11.26"]
[SourceVersion "1"]
[SourceVersionDate "2008.11.26"]
[SourceQuality "1"]
[WhiteTeam "Olfen"]
[BlackTeam "Heiden"]
[WhiteTeamCountry "GER"]
[BlackTeamCountry "GER"]

1. e4 c5 2. Nf3 d6 3. d4 cxd4 4. Nxd4 Nf6 5. Nc3 a6 6. Be3 e5 7. Nb3 Be6 8. f3 h5 9. Qd2 Nbd7 10. 0-0-0 Be7 11. Be2 Rc8 12. f4 b5 13. f5 Bc4 14. Bf3 b4 15. Nd5 Bxd5 16. exd5 a5 17. Qd3 0-0 18. Rhg1 e4 19. Bxe4 Ne5 20. Qe2 Nxe4 21. Nd4 Nf6 22. Bf4 Qb6 23. g4 hxg4 24. h3 a4 25. hxg4 b3 26. axb3 axb3 27. c3 Nxd5 28. Bxe5 Bg5+ 29. Kb1 dxe5 30. Qxe5 Ne3 31. Rd3 Nc4 32. Qh2 Ra8 33. Rh1 Ra1+ 0-1

[Event "Muensterland Verbandsliga 0708"]
[Site "Germany"]
[Date "2007.09.08"]
[Round "1.7"]
[White "Hunhoff, Sebastian"]
[Black "Wetter, Ralf"]
[Result "0-1"]
[WhiteElo "1577"]
[BlackElo "1937"]
[PlyCount "72"]
[EventDate "2007.09.08"]
[EventType "team"]
[EventRounds "9"]
[EventCountry "GER"]
[SourceTitle "EXT 2009"]
[Source "ChessBase"]
[SourceDate "2008.11.26"]
[SourceVersion "1"]
[SourceVersionDate "2008.11.26"]
[SourceQuality "1"]
[WhiteTeam "Bocholt"]
[BlackTeam "Heiden"]
[WhiteTeamCountry "GER"]
[BlackTeamCountry "GER"]

1. e4 c5 2. c4 Nc6 3. Nc3 g6 4. g3 Bg7 5. Bg2 d6 6. Nge2 e5 7. d3 Nge7 8. 0-0 0-0 9. Nd5 Nxd5 10. cxd5 Ne7 11. Nc3 f5 12. f4 Rb8 13. a4 b6 14. Be3 a6 15. fxe5 Bxe5 16. Qd2 Qc7 17. Rae1 b5 18. axb5 axb5 19. d4 cxd4 20. Bxd4 Bxd4+ 21. Qxd4 b4 22. Ne2 Ba6 23. Rc1 Qd7 24. Rfe1 fxe4 25. Bxe4 Qg4 26. Nf4 Rxf4 27. Qa7 Rbf8 28. Qxe7 Rf2 29. Rc7 R2f7 30. Qxd6 Rf1+ 31. Rxf1 Rxf1+ 32. Kg2 Qxe4+ 33. Kh3 Qf5+ 34. Kg2 Rf2+ 35. Kg1 Qf6 36. Qxb4 Rg2+ 0-1

[Event "Muensterland Verbandsliga 0607"]
[Site "Germany"]
[Date "2007.04.14"]
[Round "8.6"]
[White "Rublack, Ralf"]
[Black "Wetter, Ralf"]
[Result "1/2-1/2"]
[WhiteElo "1981"]
[BlackElo "1956"]
[PlyCount "27"]
[EventDate "2006.09.16"]
[EventType "team"]
[EventRounds "9"]
[EventCountry "GER"]
[SourceTitle "EXT 2008"]
[Source "ChessBase"]
[SourceDate "2007.11.25"]
[SourceVersion "1"]
[SourceVersionDate "2007.11.25"]
[SourceQuality "1"]
[WhiteTeam "Suedlohn"]
[BlackTeam "Heiden"]
[WhiteTeamCountry "GER"]
[BlackTeamCountry "GER"]

1. d4 Nf6 2. Nf3 d6 3. c3 g6 4. Bg5 h6 5. Bxf6 exf6 6. e3 Bg7 7. Bd3 f5 8. Nbd2 Nd7 9. 0-0 0-0 10. Qc2 Nf6 11. Rfe1 b6 12. a4 a6 13. Ra3 Bb7 14. Rc1 1/2-1/2

[Event "Muensterland Verbandsliga 0506"]
[Site "Germany"]
[Date "2006.03.11"]
[Round "8.7"]
[White "Wetter, Ralf"]
[Black "Korth, Daniel"]
[Result "0-1"]
[WhiteElo "1953"]
[BlackElo "2023"]
[PlyCount "124"]
[EventDate "2005.08.27"]
[EventType "team"]
[EventRounds "9"]
[EventCountry "GER"]
[SourceTitle "EXT 2006"]
[Source "ChessBase"]
[SourceDate "2005.11.24"]
[SourceVersion "1"]
[SourceVersionDate "2005.11.24"]
[SourceQuality "1"]
[WhiteTeam "Heiden"]
[BlackTeam "Muenster II"]
[WhiteTeamCountry "GER"]
[BlackTeamCountry "GER"]

1. Nf3 c5 2. g3 g6 3. Bg2 Bg7 4. 0-0 Nc6 5. d3 e6 6. e4 Nge7 7. Re1 0-0 8. Nbd2 d6 9. c3 e5 10. a4 a6 11. Nc4 b6 12. Be3 Bg4 13. h3 Bxf3 14. Bxf3 Qc7 15. Bg2 b5 16. axb5 axb5 17. Rxa8 Rxa8 18. Na3 b4 19. Nc4 Nc8 20. Qb3 Rb8 21. Qa4 Nb6 22. Qa6 Bf8 23. f4 Nxc4 24. Qxc4 Na5 25. Qd5 Nc6 26. Ra1 bxc3 27. bxc3 Qb7 28. f5 Kg7 29. Rf1 f6 30. h4 Nd8 31. Qa2 Qb3 32. Qf2 Be7 33. Bd2 Ra8 34. Qe3 Nf7 35. g4 g5 36. hxg5 Nxg5 37. Qg3 Ra2 38. Bxg5 fxg5 39. f6+ Bxf6 40. Qf3 Qe6 41. Rb1 Be7 42. Qf5 Qf6 43. Rf1 Qxf5 44. exf5 Rd2 45. Rf3 d5 46. Re3 Bd6 47. c4 dxc4 48. dxc4 Rd4 49. Re4 Kf6 50. Kf2 h5 51. gxh5 Kxf5 52. Ke3 g4 53. h6 Kg6 54. h7 Kxh7 55. Ke2 Kg6 56. Ke3 Kf5 57. Bh1 Be7 58. Rxd4 exd4+ 59. Kf2 Kf4 60. Bd5 d3 61. Bg2 Bh4+ 62. Kf1 Ke3 0-1

[Event "Muensterland Verbandsliga 0506"]
[Site "Germany"]
[Date "2005.08.27"]
[Round "1.5"]
[White "Wetter, Ralf"]
[Black "Kuempers, Ulrich"]
[Result "1/2-1/2"]
[WhiteElo "1953"]
[BlackElo "2127"]
[PlyCount "123"]
[EventDate "2005.08.27"]
[EventType "team"]
[EventRounds "9"]
[EventCountry "GER"]
[SourceTitle "EXT 2006"]
[Source "ChessBase"]
[SourceDate "2005.11.24"]
[SourceVersion "1"]
[SourceVersionDate "2005.11.24"]
[SourceQuality "1"]
[WhiteTeam "Heiden"]
[BlackTeam "Rheine Klein Berlin"]
[WhiteTeamCountry "GER"]
[BlackTeamCountry "GER"]

1. Nf3 Nf6 2. d3 g6 3. g3 Bg7 4. c4 0-0 5. Nc3 d5 6. cxd5 Nxd5 7. Bd2 e5 8. Bg2 c6 9. 0-0 h6 10. a3 Be6 11. h3 a5 12. Qc1 Kh7 13. Ne4 Nd7 14. Rb1 Qe7 15. b4 axb4 16. axb4 Ra2 17. b5 c5 18. Re1 Rfa8 19. Nc3 Nxc3 20. Bxc3 R8a3 21. Nd2 Nb6 22. Bb2 Ra7 23. Ne4 c4 24. Nc3 R2a5 25. Qe3 Nc8 26. Kh2 Nd6 27. Qc5 Nc8 28. Qe3 Nd6 29. Rec1 cxd3 30. exd3 Nf5 31. Qb6 Qd7 32. Ba1 e4 33. dxe4 Bd4 34. Qxa5 Rxa5 35. exf5 Bxf5 36. Ne4 Bxe4 37. Bxe4 Bxa1 38. Rd1 Qe7 39. Re1 Qc5 40. Rxa1 Qxf2+ 41. Bg2 Rxb5 42. Rf1 Qd4 43. Rxf7+ Kg8 44. Raf1 Qc4 45. Rd7 h5 46. Re1 Kf8 47. Rxb7 Rxb7 48. Bxb7 h4 49. Bg2 Qc7 50. Rf1+ Kg7 51. Rf3 Kh6 52. Bf1 Kg5 53. Kg2 Qc2+ 54. Kh1 Qd1 55. gxh4+ Kxh4 56. Kg2 Qd2+ 57. Kh1 Qe1 58. Kh2 g5 59. Bg2 Qc1 60. Rf1 Qc7+ 61. Kh1 Qe5 62. Rf3 1/2-1/2

[Event "Muensterland Verbandsliga 0405"]
[Site "Muensterland"]
[Date "2004.11.13"]
[Round "3.6"]
[White "Wetter, Ralf"]
[Black "Van Dijk, Guido"]
[Result "1-0"]
[WhiteElo "1965"]
[BlackElo "1760"]
[PlyCount "63"]
[EventDate "2004.09.18"]
[EventType "team"]
[EventRounds "9"]
[EventCountry "GER"]
[SourceTitle "EXT 2006"]
[Source "ChessBase"]
[SourceDate "2005.11.24"]
[SourceVersion "1"]
[SourceVersionDate "2005.11.24"]
[SourceQuality "1"]
[WhiteTeam "Heiden"]
[BlackTeam "Rheine Klein Berlin"]
[WhiteTeamCountry "GER"]
[BlackTeamCountry "GER"]

1. Nf3 Nf6 2. d3 d5 3. g3 g6 4. Bg2 Bg7 5. 0-0 0-0 6. Nbd2 Nbd7 7. e4 dxe4 8. dxe4 e5 9. h3 b5 10. a4 b4 11. Nc4 Qe7 12. Bg5 Ba6 13. Nfd2 Rad8 14. Re1 Nb6 15. Nxb6 axb6 16. a5 b5 17. Qe2 c5 18. f4 h6 19. Bh4 Qd6 20. Nf3 Qc7 21. fxe5 g5 22. exf6 Bxf6 23. e5 Rfe8 24. Qe4 Bb7 25. Qf5 Bxf3 26. Bxf3 Bxe5 27. Be4 gxh4 28. Qh7+ Kf8 29. Qxh6+ Bg7 30. Qxh4 Rd4 31. a6 Qe5 32. a7 1-0

[Event "Muensterland Verbandsklasse-B 0304"]
[Site "Germany"]
[Date "2004.01.17"]
[Round "5.6"]
[White "Sindermann, Erwin"]
[Black "Wetter, Ralf"]
[Result "0-1"]
[WhiteElo "1871"]
[BlackElo "1942"]
[PlyCount "52"]
[EventDate "2003.09.20"]
[EventType "team"]
[EventRounds "9"]
[EventCountry "GER"]
[SourceTitle "EXT 2005"]
[Source "ChessBase"]
[SourceDate "2004.11.15"]
[SourceVersion "1"]
[SourceVersionDate "2004.11.15"]
[SourceQuality "1"]
[WhiteTeam "Duelmen"]
[BlackTeam "Heiden"]
[WhiteTeamCountry "GER"]
[BlackTeamCountry "GER"]

1. d4 Nf6 2. Nf3 g6 3. Bg5 Bg7 4. Nbd2 h6 5. Bh4 d6 6. e3 g5 7. Bg3 Nh5 8. Be2 Nxg3 9. hxg3 Nd7 10. c3 c5 11. Qc2 Nf6 12. Ne4 Qc7 13. Nxf6+ Bxf6 14. Nd2 Bd7 15. dxc5 dxc5 16. 0-0-0 Bg7 17. Qb3 0-0 18. Qc2 b5 19. Nf3 Rfd8 20. Rd2 Rab8 21. a3 a5 22. Rdd1 b4 23. Nxg5 hxg5 24. Rh7 bxa3 25. Rdh1 axb2+ 26. Kb1 Qe5 0-1